00612nam a2200181Ia 4500008004100000020001500041041001200056082001600068100001700084245007100101260002500172300000900197650001600206700001700222942000700239999001300246952017100259221030s9999 xx 000 0 und d a0074638106 aEnglish a105.23bPap aC. H. Pappas 4aThe Complete Reference Visual C++ 6cby C. H. Pappas, W. H. Murray bTMHaNew Delhic2002 a1015 aBE Computer aW. H. Murray cBK c456d456 pBE 6820g175.00l0o105.23 Papr2022-10-30 00:00:00w2022-10-30yBK003Print4070aMIETLIBbMIETLIBcBL-Academic Lbock C, FL-2, CUP-49, SH-2, R-2d2005-06-2510HBE